<?xml version="1.0" encoding="UTF-8"?>
<marc:record xmlns:marc="http://www.loc.gov/MARC21/slim">
   <marc:leader>00000nam a2200000 a 4500</marc:leader>
   <marc:datafield ind1="1" ind2=" " tag="100">
      <marc:subfield code="a">Pitt, Brad</marc:subfield>
   </marc:datafield>
   <marc:datafield ind1="1" ind2=" " tag="100">
      <marc:subfield code="a">Redford, Robert</marc:subfield>
   </marc:datafield>
   <marc:datafield ind1="0" ind2="0" tag="245">
      <marc:subfield code="a">Aus der Mitte entspringt ein Fluss</marc:subfield>
   </marc:datafield>
   <marc:datafield ind1=" " ind2="1" tag="264">
      <marc:subfield code="a">München</marc:subfield>
      <marc:subfield code="b">Universum Film</marc:subfield>
      <marc:subfield code="c">2004</marc:subfield>
   </marc:datafield>
   <marc:datafield ind1="1" ind2=" " tag="520">
      <marc:subfield code="a">Zwei Brüder, wie sie gegensätzlicher nicht sein können: Paul, provozierend und aufsässig, Norman, ruhig und besonnen. Ihr Vater erzieht seine Söhne im Einklang mit Gott und der Natur und vermittelt ihnen die mythischen und mystischen Seiten des Lebens. Ihre gemeinsame Leidenschaft: Das Fliegenfischen am Fluß, der selbst ein Teil der Ewigkeit ist. Der Kindheit entwachsen ist Paul Journalist geworden. Er lebt sein Leben voller Leidenschaft, trinkt, macht Spielschulden und landet wiederholt im Gefängnis. Der intellektuelle Norman hingegen ist zurückhaltend und versucht seinem Bruder auf seine Weise zu helfen. </marc:subfield>
   </marc:datafield>
   <marc:datafield ind1="3" ind2=" " tag="024">
      <marc:subfield code="a">828765327794</marc:subfield>
   </marc:datafield>
   <marc:datafield ind1="1" ind2=" " tag="521">
      <marc:subfield code="a">6</marc:subfield>
   </marc:datafield>
   <marc:datafield ind1=" " ind2=" " tag="306">
      <marc:subfield code="a">01:59:00</marc:subfield>
   </marc:datafield>
   <marc:datafield ind1=" " ind2=" " tag="300">
      <marc:subfield code="a">1 DVD</marc:subfield>
   </marc:datafield>
</marc:record>
